000 00544nam a2200157 i 4500
001 53528
003 ES-MaACL
005 20230906162801.0
007 t|
008 031031s1882 fr ||||1| fre d
111 2 _aExposition des Beaux Arts (
_d1882.
_cParis)
_9715
245 1 2 _aL'Exposition des Beaux Arts (Salon de 1882)
_b: comprenant 40 planches et photogravures.
260 _aParis :
_bLibrairie d'artt Ludovic Baschet,
_c1882 (
_fImp. Bernard)
300 _aXII, 319 p., [40] h. de lám. :
_bil. ;
_c27 cm.
852 _aES-MaACL
_jF-10161
999 _c53528
_d53528